|
|
|
|
| LEADER |
02105cam a2200577 i 4500 |
| 001 |
nkc20142636348 |
| 003 |
CZ PrNK |
| 005 |
20160122090831.0 |
| 007 |
ta |
| 008 |
140917s2014 xr abi g f 000 0 cze d |
| 015 |
|
|
|a cnb002636348
|
| 020 |
|
|
|a 978-80-87891-09-4
|q (brožováno)
|
| 035 |
|
|
|a (OCoLC)939571046
|
| 040 |
|
|
|a KLG001
|b cze
|d OLA001
|e rda
|
| 043 |
|
|
|a e-xr---
|b e-xr-pl
|2 czenas
|
| 072 |
|
7 |
|a 72
|x Architektura
|2 Konspekt
|9 21
|
| 080 |
|
|
|a 728.81
|2 MRF
|
| 080 |
|
|
|a 7.025.21
|2 MRF
|
| 080 |
|
|
|a (437.317)
|2 MRF
|
| 080 |
|
|
|a (036)
|2 MRF
|
| 100 |
1 |
|
|a Vojkovský, Rostislav,
|d 1953-
|7 mzk2003186017
|4 aut
|4 ill
|4 pht
|
| 245 |
1 |
0 |
|a Volfštejn :
|b zříceniny hradu mezi Stříbrem a Planou /
|c zpracoval, rekonstrukcemi a kresbami doplnil a upravil Rostislav Vojkovský
|
| 250 |
|
|
|a První vydání
|
| 264 |
|
1 |
|a Hukvaldy-Dobrá :
|b Miroslav Bitter - Putujme,
|c 2014
|
| 300 |
|
|
|a 19 stran :
|b ilustrace, 1 mapa, 1 erb ;
|c 21 cm
|
| 336 |
|
|
|a text
|b txt
|2 rdacontent
|
| 337 |
|
|
|a bez média
|b n
|2 rdamedia
|
| 338 |
|
|
|a svazek
|b nc
|2 rdacarrier
|
| 490 |
1 |
|
|a Putujme po hradech a zámcích ;
|v 88. svazek
|
| 500 |
|
|
|a Název z obálky
|
| 500 |
|
|
|a Nad názvem zeměpisné souřadnice
|
| 500 |
|
|
|a Chronologický přehled
|
| 504 |
|
|
|a Obsahuje bibliografii
|
| 610 |
2 |
7 |
|a Volfštejn (hrad)
|7 pna2006320895
|2 czenas
|
| 650 |
0 |
7 |
|a hrady
|7 ph120854
|z Česko
|2 czenas
|
| 650 |
0 |
7 |
|a zříceniny
|7 ph127767
|z Česko
|2 czenas
|
| 650 |
0 |
9 |
|a castles
|z Czechia
|2 eczenas
|
| 650 |
0 |
9 |
|a ruins
|z Czechia
|2 eczenas
|
| 651 |
|
7 |
|a Stříbro (Česko : oblast)
|7 ge130995
|2 czenas
|
| 651 |
|
7 |
|a Planá (Tachov, Česko : oblast)
|7 ge130429
|2 czenas
|
| 651 |
|
9 |
|a Stříbro Region (Czechia)
|2 eczenas
|
| 651 |
|
9 |
|a Planá Region (Tachov, Czechia)
|2 eczenas
|
| 655 |
|
7 |
|a průvodce
|7 fd133154
|2 czenas
|
| 655 |
|
9 |
|a guidebooks
|2 eczenas
|
| 830 |
|
0 |
|a Putujme po hradech a zámcích
|0 s
|
| 910 |
2 |
|
|a BOA001
|b 2-1358.076
|
| 928 |
9 |
|
|a Putujme
|
| 990 |
|
|
|a BK
|
| 995 |
|
|
|a 01
|
| 991 |
|
|
|b 201512
|c NOV
|
| 996 |
6 |
|
|b 2610651753
|c 2-1358.076
|l MZK
|r Sklad / do 1 hodiny
|n 0
|p p.v.
|w 001533651
|u 000010
|a 1
|e BOA001
|j MZK50
|s P
|